| 000 | 00434nam a22001697a 4500 | ||
|---|---|---|---|
| 003 | NUST - PNEC | ||
| 005 | 20170116180919.0 | ||
| 008 | 150904b xxu||||| |||| 00| 0 eng d | ||
| 020 | _a007014902X | ||
| 040 | _cLIBRARY | ||
| 082 | _a621.4 CUL | ||
| 100 |
_97614 _aCulp, Archie W., Jr. |
||
| 245 |
_aPrinciples of energy conversion _cArchie W. Clup |
||
| 260 | _cc.1971 | ||
| 650 |
_97619 _aPower (Mechanics) _vME |
||
| 942 |
_2ddc _cBK |
||
| 999 |
_c65544 _d65544 |
||